Statistics for World Capitals By Letter - V

Click here to take the quiz!

General Stats

  • This quiz has been taken 4,501 times
  • The average score is 5 of 7

Answer Stats

Country Capital City % Correct
LiechtensteinVaduz
76%
Vatican CityVatican City
74%
LithuaniaVilnius
74%
AustriaVienna
72%
LaosVientiane
65%
MaltaValletta
63%
SeychellesVictoria
47%

Score Distribution

Percentile by Number Answered

Percent of People with Each Score

Your Score History

You have not taken this quiz